| 000 | 01258cam a22003257a 4500 | ||
|---|---|---|---|
| 090 | _c0 | ||
| 001 | 14636469 | ||
| 005 | 20070620111735.0 | ||
| 008 | 061116s2007 maua 001 0 eng d | ||
| 010 | _a 2006299550 | ||
| 020 | _a1418836265 | ||
| 035 | _a(OCoLC)ocm65671669 | ||
| 035 | _a(OCoLC)65671669 | ||
| 040 |
_aCU3 _cCU3 _dBAKER _dYDXCP _dOCLCQ _dDLC |
||
| 042 | _alccopycat | ||
| 050 | 0 | 0 |
_aQA76.64 _b.F37 2007 |
| 082 | 0 | 0 |
_a005.117 _222 _bFAR |
| 100 | 1 | _aFarrell, Joyce. | |
| 245 | 1 | 0 |
_aObject-oriented programming using C++ / _cJoyce Farrell. |
| 250 | _a3rd ed. | ||
| 260 |
_aAustralia : _bThomson/Course Technology, _cc2007. |
||
| 300 |
_axx, 731 p. : _bill. ; _c24 cm. |
||
| 500 | _aIncludes index. | ||
| 650 | 0 | _aObject-oriented programming (Computer science) | |
| 650 | 0 | _aC (Computer program language) | |
| 856 | 4 | 1 |
_3Table of contents only _uhttp://www.loc.gov/catdir/toc/fy0711/2006299550.html |
| 942 |
_2ddc _cBB |
||
| 999 |
_c10532 _d10532 |
||